000 00304 a2200109 4500
001 ART_19078
005 20260410161921.0
008 260409a
245 1 0 _aActualidad laboral
100 1 _aRubio, Valentín
773 0 _tLa información
_g- Tomo XXXIX, Nº 589 (ene. 1979)
_wREV14902
999 _c27673
_d27673